[Event "EU-ch rapid"]
[Site "Wroclaw"]
[Date "2014.12.20"]
[Round "1"]
[White "Dutczak, Robert"]
[Black "Sivuk, Vitaly"]
[Result "0-1"]
[WhiteElo "1822"]
[BlackElo "2501"]
[PlyCount "48"]
[EventDate "2014.12.20"]
[EventType "swiss (rapid)"]
[EventRounds "11"]
[EventCountry "POL"]
[SourceTitle "CBM 164 Extra"]
[Source "ChessBase"]
[SourceDate "2015.03.02"]
[SourceVersion "1"]
[SourceVersionDate "2015.03.02"]
[SourceQuality "1"]

1. e4 c6 2. f4 d5 3. exd5 cxd5 4. Bb5+ Bd7 5. Bxd7+ Nxd7 6. Nf3 e6 7. 0-0 Ngf6 8. d3 Bd6 9. Nc3 0-0 10. Kh1 Rc8 11. Bd2 a6 12. Rc1 b5 13. a3 Qb6 14. Qe1 Qb8 15. Ne2 Rfe8 16. Qh4 Nf8 17. Ng5 Ng6 18. Qh3 h6 19. Nf3 Nxf4 20. Bxf4 Bxf4 21. Nh4 Bxc1 22. Rxc1 Qe5 23. Nc3 Qg5 24. Rf1 Qg4 0-1